Polish feminine nouns - Statistics

General Stats
  • This quiz has been taken 14 times
  • The average score is 45 of 70
Answer Stats
Hint Answer % Correct
G Map
100%
Night Noc
93%
A Noc
93%
Map Mapa
86%
I Mapą
86%
A Mapę
86%
D Mapie
86%
L Mapie
86%
G Mapy
86%
Maps Mapy
86%
V Mapy
86%
A Mapy
86%
I Nocą
86%
Nights Noce
86%
V Noce
86%
A Noce
86%
V Nocy
86%
G Nocy
86%
D Nocy
86%
L Nocy
86%
G Nocy
86%
G Granic
79%
Border Granica
71%
I Granicą
71%
G Granicy
71%
D Granicy
71%
L Granicy
71%
V Mapo
71%
Hand Ręka
71%
I Ręką
71%
A Granicę
64%
Borders Granice
64%
V Granice
64%
A Granice
64%
G Ręki
64%
V Ręko
64%
V Granico
57%
I Mapami
57%
G Gospodyń
50%
Housewife Gospodyni
50%
V Gospodyni
50%
G Gospodyni
50%
D Gospodyni
50%
L Gospodyni
50%
I Gospodynią
50%
A Gospodynię
50%
Housewives Gospodynie
50%
V Gospodynie
50%
A Gospodynie
50%
L Mapach
50%
D Mapom
50%
I Nocami
50%
D Ręce
50%
L Ręce
50%
Hands Ręce
50%
V Ręce
50%
A Ręce
50%
I Rękami
50%
A Rękę
50%
D Rękom
50%
L Gospodyniach
43%
I Gospodyniami
43%
D Gospodyniom
43%
L Granicach
43%
I Granicami
43%
D Granicom
43%
L Nocach
43%
D Nocom
43%
G Rąk
43%
L Rękach
43%
No matching quizzes found
Score Distribution
Percent of People with Each Score
Percentile by Number Answered
Your Score History
You have not taken this quiz